LEADER 01281nas1 2200373 i 450 001 RAV0030633 005 20231121125625.0 011 $a0391-6723 017 70$aP 00073002$2P 020 $aIT$b79-96 100 $a20110803b19781994||||0itac50 ba 101 | $aita 102 $ait 110 $aa|u|||||||| 181 1$6z01$ai $bxxxe 182 1$6z01$an 200 1 $aBozze ... 207 0$aA. 1, n. 1 (gen. 1978)- a. 16, n. 3/4 (lug.-dic. 1994) 210 $aBari$cDedalo$d1978-1994 215 $a16 v 300 $aMensile, poi bimestrale dal 1982 300 $aSospeso nel 1992. 463 1$1001TO00713863$12001 $aEuropa, Palestina, Israele per una comunita di pace$eun dialogo tra i protagonisti$v89.3/4 606 $aPolitica$xPeriodici$2FIR$3RMLC086913$9I 676 $a261.7$9CRISTIANESIMO E ORDINAMENTO POLITICO$v18 801 3$aIT$bIT-01$c20110803 850 $aIT-FR0017 899 $aBiblioteca umanistica Giorgio Aprea$bFR0017 $eN 912 $aRAV0030633 950 1$aBiblioteca umanistica Giorgio Aprea$d 52DFA PER.11 Boz (1)$e 52FLS0000347645 VPB RS 1, fasc.1 (1978)$fC $h20150529$i20150529 967 $m1 977 $a 28$a 52 996 $aBozze$9798608 997 $aUNICAS